Ładuje się......

Cell heredity

Opis bibliograficzny
1. autor: Sager, Ruth; Ryan, Francis J
Format: Printed Book
Wydane: John Wiley & Sons, London 1961
Hasła przedmiotowe:
LEADER 00488nam a2200193 4500
020
082 |a 576.8 SAG-C 
100 |a Sager, Ruth; Ryan, Francis J 
245 |a Cell heredity 
250
260 |a John Wiley & Sons, London  |c 1961 
300
490
500
590 |a VIN 
650 |a Evolution-- Life Science 
942 |c BK 
999 |c 93019  |d 93019 
952 |0 0  |1 0  |4 0  |6 576_800000000000000_SAGC  |7 0  |9 106487  |a ZGY  |b ZGY  |l 0  |o 576.8 SAG-C  |p ZGYG0040  |r 2019-09-25  |w 2019-09-25  |y BK